[Event "Isle of Man Open"]
[Site "Douglas"]
[Date "26.10.2018"]
[Round "7.5"]
[White "Sethuraman, S.P."]
[Black "Anand, Viswanathan"]
[Result "1/2-1/2"]
[WhiteTitle "GM"]
[BlackTitle "GM"]
[WhiteElo "2673"]
[BlackElo "2771"]
[WhiteFideId "5021596"]
[BlackFideId "5000017"]
[EventDate "2018.10.20"]

1. Nf3 Nf6 2. c4 c5 3. b3 b6 4. g3 Bb7 5. Bg2 e6 6. O-O Be7 7. Nc3 O-O 8. d4
cxd4 9. Qxd4 Nc6 10. Qf4 d6 11. Rd1 Qb8 12. Nb5 Rd8 13. Ba3 Nh5 14. Qe3 Nf6 15.
Rac1 d5 16. Bxe7 Nxe7 17. cxd5 Nfxd5 18. Qe5 a6 19. Nbd4 Ng6 20. Qxb8 Raxb8 21.
Nc6 Bxc6 22. Rxc6 Rbc8 23. Rdc1 Nge7 24. Rxc8 Rxc8 25. Rxc8+ Nxc8 26. Nd4 Nc3
27. Bb7 Nd6 28. Bxa6 Nxa2 29. f4 Nb4 30. Bb5 Kf8 1/2-1/2

[Event "Isle of Man Open"]
[Site "Douglas"]
[Date "26.10.2018"]
[Round "7.6"]
[White "Rapport, Richard"]
[Black "Jones, Gawain C B"]
[Result "1/2-1/2"]
[WhiteTitle "GM"]
[BlackTitle "GM"]
[WhiteElo "2725"]
[BlackElo "2677"]
[WhiteFideId "738590"]
[BlackFideId "409561"]
[EventDate "2018.10.20"]

1. d4 Nf6 2. Nf3 g6 3. c4 Bg7 4. g3 c6 5. Bg2 d5 6. Qb3 O-O 7. O-O Qb6 8. Nc3
Rd8 9. Bd2 Be6 10. Na4 Qxb3 11. axb3 Nbd7 12. Rfc1 Ne4 13. Bb4 Nd6 14. e3 dxc4
15. bxc4 Nxc4 16. Bxe7 Re8 17. Bb4 Bd5 18. Nc3 Bxf3 19. Bxf3 a5 20. Ba3 Nxe3 21.
fxe3 Rxe3 22. Kg2 Bxd4 23. Rd1 Ne5 24. Rxd4 Nxf3 25. Rd7 Ne1+ 26. Kf2 Rae8 27.
Rad1 b6 28. Rd8 Nc2 29. R1d6 Nxa3 30. bxa3 b5 31. Rxe8+ Rxe8 32. Rxc6 b4 33. Nd5
Rd8 34. Rc5 bxa3 35. Rxa5 h5 36. Nc3 Rd2+ 37. Kg1 Rd4 38. Rxa3 h4 39. Ne2 Rd2
40. Kf2 hxg3+ 41. hxg3 Kg7 42. Kf3 Rd5 43. Nf4 Rb5 44. Ra7 Rb3+ 45. Kg4 Rb4 46.
Kh3 Kg8 47. Nd5 Rb2 48. Nf6+ Kg7 49. Ne4 Re2 50. Nd6 Rf2 51. g4 Kf8 52. g5 Rf3+
53. Kg4 Rf1 54. Kg3 Rg1+ 55. Kf4 Rf1+ 56. Ke5 Re1+ 57. Kd5 Rd1+ 58. Kc6 Rc1+ 59.
Kd7 Rd1 60. Ra8+ Kg7 61. Kc6 Rc1+ 62. Kd5 Rd1+ 63. Ke5 Re1+ 64. Kf4 Rf1+ 65. Ke3
Rg1 66. Ne8+ Kf8 67. Nf6+ Ke7 68. Re8+ Kd6 69. Ne4+ Kd7 70. Re5 Re1+ 71. Kf2 Ra1
72. Nf6+ Kd6 73. Re3 Ra5 74. Kf3 Ra1 75. Kf4 Rf1+ 76. Rf3 Ra1 77. Ng8 Re1 78.
Nh6 Ke7 79. Ng4 Kf8 80. Nf6 Kg7 81. Rh3 Rf1+ 82. Ke3 Rg1 83. Rh7+ Kf8 84. Rh8+
Ke7 85. Ne4 Ra1 86. Rc8 Re1+ 87. Kd4 Rd1+ 88. Ke5 Re1 89. Rc2 Kf8 90. Rc4 Kg7
91. Kd6 Rd1+ 92. Kc7 Rd5 93. Kc6 Rd1 94. Nd6 Rg1 95. Rc5 Re1 96. Kd7 Rd1 97. Re5
Ra1 98. Re7 Ra7+ 99. Kd8 Ra8+ 100. Kc7 Ra7+ 101. Nb7 Kf8 102. Rd7 1/2-1/2

[Event "Isle of Man Open"]
[Site "Douglas"]
[Date "26.10.2018"]
[Round "7.8"]
[White "Antipov, Mikhail Al."]
[Black "Giri, Anish"]
[Result "0-1"]
[WhiteTitle "GM"]
[BlackTitle "GM"]
[WhiteElo "2593"]
[BlackElo "2780"]
[WhiteFideId "4107012"]
[BlackFideId "24116068"]
[EventDate "2018.10.20"]

1. e4 c5 2. Nf3 d6 3. Bb5+ Nd7 4. Ba4 Nf6 5. O-O a6 6. c4 e6 7. d4 cxd4 8. Nxd4
Be7 9. Bc2 O-O 10. Re1 Qc7 11. b3 b6 12. Bb2 Bb7 13. Nc3 Rfe8 14. Re3 Bf8 15.
Qf1 g6 16. Rd1 Rad8 17. Kh1 Bg7 18. f4 e5 19. Nde2 b5 20. cxb5 axb5 21. a3 exf4
22. Qxf4 Ne5 23. Ng3 Nfg4 24. Re2 Bh6 25. Qf1 Ne3 26. Rxe3 Bxe3 27. Qe2 Bf4 28.
Qf2 Bxg3 29. Qxg3 Bc6 30. h3 Qb7 31. Rd4 Qe7 32. Bc1 f6 33. b4 Kg7 34. a4 bxa4
35. b5 Bb7 36. Bxa4 Qc7 37. Ba3 Qb6 38. Rd1 Nc4 39. Bc1 Bxe4 40. Bb3 d5 41. Bf4
Nd6 42. Nxd5 Bxd5 43. Rxd5 Ne4 44. Qf3 Rxd5 45. Bxd5 Nd6 46. h4 Re1+ 47. Kh2 Nf5
48. g4 Nxh4 49. Qc3 Rd1 0-1

[Event "Isle of Man Open"]
[Site "Douglas"]
[Date "26.10.2018"]
[Round "7.9"]
[White "Aronian, Levon"]
[Black "Short, Nigel D"]
[Result "1-0"]
[WhiteTitle "GM"]
[BlackTitle "GM"]
[WhiteElo "2780"]
[BlackElo "2652"]
[WhiteFideId "13300474"]
[BlackFideId "400025"]
[EventDate "2018.10.20"]

1. c4 e5 2. Nc3 d6 3. Nf3 f5 4. g3 Be7 5. Bg2 Nf6 6. d3 O-O 7. O-O Kh8 8. b4 Qe8
9. Bg5 Nbd7 10. Rc1 h6 11. Bd2 c6 12. e3 g5 13. Ne2 e4 14. Ne1 Ne5 15. Bc3 g4
16. dxe4 fxe4 17. Nf4 Nf3+ 18. Bxf3 gxf3 19. Qc2 Kg8 20. Rd1 a5 21. b5 a4 22.
Bxf6 Bxf6 23. Rxd6 Be5 24. Rxh6 Bf5 25. g4 Bh7 26. Rxh7 Kxh7 27. Qxe4+ Kg7 28.
Qxf3 Bxf4 29. exf4 Rd8 30. Ng2 Rd4 31. Qc3 Qd7 32. bxc6 bxc6 33. Qa5 Kg8 34. h3
Rxc4 35. Re1 Qd5 36. Qc7 Re4 37. Rc1 Rf7 38. Qb6 Rc4 39. Re1 Re4 40. Ne3 Qd6 41.
f5 Rb4 42. Qa6 Re7 43. Rd1 Qc7 44. Qd3 Rbe4 45. f6 R7e5 46. Nf5 Re1+ 47. Rxe1
Rxe1+ 48. Kg2 Kf7 49. Nd6+ 1-0

[Event "Isle of Man Open"]
[Site "Douglas"]
[Date "26.10.2018"]
[Round "7.10"]
[White "So, Wesley"]
[Black "Sevian, Samuel"]
[Result "1/2-1/2"]
[WhiteTitle "GM"]
[BlackTitle "GM"]
[WhiteElo "2776"]
[BlackElo "2634"]
[WhiteFideId "5202213"]
[BlackFideId "2040506"]
[EventDate "2018.10.20"]

1. c4 e5 2. Nc3 Nf6 3. Nf3 Nc6 4. e3 Bb4 5. Qc2 Bxc3 6. bxc3 d6 7. e4 O-O 8. g3
h6 9. Bg2 Be6 10. d3 Qc8 11. h3 Ne7 12. Nh4 Ng6 13. Nf5 Bxf5 14. exf5 Qxf5 15.
Rb1 Rab8 16. Rxb7 Rxb7 17. Bxb7 e4 18. dxe4 Re8 19. Be3 Nxe4 20. O-O c5 21. Bxc5
Nh4 22. gxh4 dxc5 23. Re1 Qg6+ 24. Kh2 Qd6+ 25. Kg2 Qg6+ 26. Kh2 Qd6+ 27. Kg2
Qg6+ 28. Kh2 1/2-1/2

[Event "Isle of Man Open"]
[Site "Douglas"]
[Date "26.10.2018"]
[Round "7.11"]
[White "Grischuk, Alexander"]
[Black "Jumabayev, Rinat"]
[Result "1-0"]
[WhiteTitle "GM"]
[BlackTitle "GM"]
[WhiteElo "2769"]
[BlackElo "2605"]
[WhiteFideId "4126025"]
[BlackFideId "13702661"]
[EventDate "2018.10.20"]

1. e4 e6 2. d4 d5 3. Nc3 Nf6 4. e5 Nfd7 5. f4 c5 6. Nf3 Nc6 7. Ne2 Be7 8. c3 O-O
9. h4 b5 10. a3 a5 11. Ng3 Qb6 12. Bd3 f5 13. Ng5 cxd4 14. Nxe6 Ndxe5 15. Nxf8
Nxd3+ 16. Qxd3 Kxf8 17. O-O g6 18. Rd1 b4 19. axb4 Ba6 20. Qf3 axb4 21. Kh2 Bxh4
22. cxd4 Bf6 23. Qxd5 Rd8 24. Qe6 Kg7 25. d5 Bc8 26. Qe3 Qb5 27. Qe2 Rxd5 28.
Rxd5 Qxd5 29. Be3 h5 30. Rd1 Qe6 31. Qd2 Kh6 32. Bf2 h4 33. Ne2 Qe4 34. Nd4 Na5
35. Re1 Nc4 36. Qc1 Qd5 37. b3 Bb7 38. Nf3 Nb2 39. Bxh4 Nd3 40. Bg5+ Bxg5 41.
fxg5+ Kh5 42. Qc7 1-0

[Event "Isle of Man Open"]
[Site "Douglas"]
[Date "26.10.2018"]
[Round "7.12"]
[White "Shirov, Alexei"]
[Black "Le, Quang Liem"]
[Result "1-0"]
[WhiteTitle "GM"]
[BlackTitle "GM"]
[WhiteElo "2636"]
[BlackElo "2715"]
[WhiteFideId "2209390"]
[BlackFideId "12401137"]
[EventDate "2018.10.20"]

1. e4 c5 2. Nf3 d6 3. d4 cxd4 4. Nxd4 Nf6 5. Nc3 Nc6 6. Bg5 e6 7. Qd2 a6 8.
O-O-O Bd7 9. f4 Be7 10. Nf3 b5 11. Bd3 b4 12. Ne2 Qc7 13. h4 a5 14. h5 h6 15.
Bxf6 gxf6 16. Kb1 Rb8 17. f5 e5 18. Nh2 a4 19. Ng4 Na5 20. b3 Bc6 21. Nxh6 d5
22. exd5 Bxd5 23. Ng4 axb3 24. cxb3 Bxg2 25. Rhg1 Bc6 26. h6 Nb7 27. Qe3 Ra8 28.
Be4 Nd6 29. Ng3 Nb5 30. Rc1 Nc3+ 31. Rxc3 bxc3 32. Rc1 Bxe4+ 33. Nxe4 Qa5 34. a4
Rb8 35. Rxc3 Qa6 36. Kc2 O-O 37. Nxe5 Kh8 38. Nd7 Rxb3 39. Kxb3 Qb7+ 40. Nb6 Rb8
41. a5 Qd7 42. Qd3 Qxf5 43. Nc5 Qh5 44. Nb7 Qg4 45. Nd6 Qe6+ 46. Nc4 Bc5 47. Qg3
Rg8 48. Qc7 Bd4 49. Rg3 Re8 50. Qd7 Qe1 51. Qg4 Qb1+ 52. Ka4 Qa1+ 53. Kb5 f5 54.
Qxf5 Qe1 55. Rg4 Qd1 56. h7 1-0

[Event "Isle of Man Open"]
[Site "Douglas"]
[Date "26.10.2018"]
[Round "7.13"]
[White "Almasi, Zoltan"]
[Black "Williams, Simon K"]
[Result "1/2-1/2"]
[WhiteTitle "GM"]
[BlackTitle "GM"]
[WhiteElo "2702"]
[BlackElo "2457"]
[WhiteFideId "702293"]
[BlackFideId "404454"]
[EventDate "2018.10.20"]

1. Nf3 f5 2. d3 Nc6 3. e4 e5 4. d4 fxe4 5. Nxe5 d6 6. Nxc6 bxc6 7. d5 Nf6 8. Nc3
Be7 9. dxc6 O-O 10. Bc4+ Kh8 11. O-O Qe8 12. Nd5 Nxd5 13. Bxd5 Qg6 14. Qe2 Bf5
15. Bf4 Rae8 16. Qe3 h5 17. Rae1 Bf6 18. c3 h4 19. h3 Qh5 20. c4 g5 21. Bh2 Qg6
22. Kh1 Qg7 23. b4 Bd4 24. Qe2 Qg6 25. Rd1 Bg7 26. f3 exf3 27. Qxf3 g4 28. Qa3
gxh3 29. Rde1 Bd3 30. Rxf8+ Rxf8 31. gxh3 Rf2 32. Bg1 Qg3 33. Bxf2 Qxh3+ 34. Kg1
Be5 35. Rxe5 Qf1+ 36. Kh2 Qxf2+ 37. Bg2 Qg3+ 38. Kh1 dxe5 39. Qxa7 Qe1+ 40. Qg1
Qxb4 41. Qe3 Qd6 42. Qh3 Qd4 43. Qc8+ Kg7 44. Qxc7+ Kf6 45. c5 h3 46. Bxh3 Be4+
47. Bg2 Bxg2+ 1/2-1/2

[Event "Isle of Man Open"]
[Site "Douglas"]
[Date "26.10.2018"]
[Round "7.14"]
[White "Svane, Rasmus"]
[Black "Leko, Peter"]
[Result "1/2-1/2"]
[WhiteTitle "GM"]
[BlackTitle "GM"]
[WhiteElo "2595"]
[BlackElo "2690"]
[WhiteFideId "4657101"]
[BlackFideId "703303"]
[EventDate "2018.10.20"]

1. d4 Nf6 2. c4 e6 3. Nf3 d5 4. g3 Be7 5. Bg2 O-O 6. O-O dxc4 7. Qc2 a6 8. a4
Bd7 9. Rd1 Bc6 10. Nc3 Bxf3 11. Bxf3 Nc6 12. Bxc6 bxc6 13. a5 Rb8 14. Ra4 Rb4
15. Na2 Rxa4 16. Qxa4 h6 17. Qxc4 Qd5 18. Qxd5 cxd5 19. Rd2 Rb8 20. Rc2 Rb5 21.
Bd2 Bd6 22. b4 Nd7 23. Bf4 Bxf4 24. gxf4 Rb7 25. e3 Kf8 26. Kf1 Ke7 27. f3 g5
28. fxg5 hxg5 29. Ke1 Kd6 30. h4 gxh4 31. Rh2 Ke7 32. Rxh4 c5 33. dxc5 Nxc5 34.
Nc1 Nd7 35. Nd3 Rb8 36. e4 dxe4 37. fxe4 f6 38. Kd2 Kd6 39. Kc3 Rc8+ 40. Kb3 Rg8
41. Kc4 Rc8+ 42. Kb3 Rg8 43. Rh3 Rb8 44. Rh2 Rc8 45. Rd2 Ke7 46. b5 axb5 47. Kb4
Nb8 48. Kxb5 Rd8 49. a6 Nxa6 50. Kxa6 e5 51. Rd1 f5 52. exf5 Kf6 53. Kb5 e4 54.
Kc4 exd3 55. Rxd3 Rxd3 56. Kxd3 Kxf5 1/2-1/2

[Event "Isle of Man Open"]
[Site "Douglas"]
[Date "26.10.2018"]
[Round "7.15"]
[White "Hess, Robert"]
[Black "Adhiban, Baskaran"]
[Result "1/2-1/2"]
[WhiteTitle "GM"]
[BlackTitle "GM"]
[WhiteElo "2574"]
[BlackElo "2668"]
[WhiteFideId "2022036"]
[BlackFideId "5018471"]
[EventDate "2018.10.20"]

1. d4 Nf6 2. c4 g6 3. Nc3 Bg7 4. e4 d6 5. Nf3 O-O 6. h3 Na6 7. Be3 c6 8. Be2 e5
9. d5 Nh5 10. Qd2 Nf4 11. Bxf4 exf4 12. O-O Qf6 13. Rad1 Rb8 14. Rfe1 Re8 15.
Bf1 Nc5 16. Nd4 Bd7 17. b4 Na6 18. dxc6 bxc6 19. b5 Nb4 20. bxc6 Nxc6 21. Ndb5
a6 22. Nd5 Qe5 23. Nbc7 Rec8 24. Nxa6 Rb2 25. Qxf4 Qxf4 26. Nxf4 Bd4 27. Ne2 Ba7
28. c5 Rxa2 29. Nc3 Rc2 30. Rxd6 Rxc3 31. Rxd7 Bxc5 32. Nxc5 Rxc5 33. f4 Nd8 34.
Ra1 Ne6 35. Raa7 Rf8 36. g3 Rc3 37. Rd3 Rc2 38. Rad7 Rb8 39. Rd2 Rbb2 40. Rxc2
Rxc2 41. h4 Nc5 42. Rd4 h5 43. e5 Kg7 44. Rc4 Rxc4 45. Bxc4 Kf8 46. Kf2 Ne4+ 47.
Ke3 Nxg3 48. Bd3 Ke7 49. Kf3 Nf5 50. Bxf5 gxf5 51. Ke3 Ke8 52. Kd4 Kd8 53. Kc3
Kc7 54. Kc4 Kc8 55. Kb4 Kb8 56. Ka4 Ka8 57. Ka3 Ka7 58. Kb3 Kb7 59. Kc3 Kc7 60.
Kd3 Kd7 61. Ke3 Kc7 62. Kd4 Kd8 63. Kd5 Kd7 64. Kc5 Kc7 65. Kd5 Kd7 1/2-1/2

[Event "Isle of Man Open"]
[Site "Douglas"]
[Date "26.10.2018"]
[Round "7.16"]
[White "Kovalev, Vladislav"]
[Black "Wagner, Dennis"]
[Result "1/2-1/2"]
[WhiteTitle "GM"]
[BlackTitle "GM"]
[WhiteElo "2664"]
[BlackElo "2572"]
[WhiteFideId "13504398"]
[BlackFideId "24650684"]
[EventDate "2018.10.20"]

1. e4 e5 2. Nf3 Nc6 3. Bb5 a6 4. Ba4 Nf6 5. O-O Nxe4 6. d4 b5 7. Bb3 d5 8. dxe5
Be6 9. Qe2 Be7 10. Rd1 O-O 11. c4 bxc4 12. Bxc4 Bc5 13. Be3 Bxe3 14. Qxe3 Qb8
15. Bb3 Qb6 16. Qxb6 cxb6 17. Na3 Rfd8 18. Nc2 Na5 19. Ncd4 Nc4 20. Rab1 Rac8
21. h3 g6 22. Bc2 Bd7 23. Re1 Nc5 24. Re2 a5 25. Kh2 Re8 26. g4 Re7 27. b3 Na3
28. Rd1 b5 29. Bd3 b4 30. Re3 Kg7 31. Kg3 Rc7 32. h4 Bc8 33. h5 Bb7 34. hxg6
hxg6 35. Ng5 f6 36. exf6+ Kxf6 37. Rxe7 Rxe7 38. Kf4 Re1 39. Rd2 Bc8 40. f3 Rc1
41. Nh7+ Kg7 42. Ng5 Kf6 43. Nh3 Rh1 44. g5+ Ke7 45. Nf2 Nxd3+ 46. Rxd3 Rf1 47.
Ng4 Bxg4 48. Kxg4 Rf2 49. Nc6+ Kd6 50. Nxa5 Rxa2 51. Nb7+ Kc7 52. Nc5 Kd6 53.
Nb7+ Kc7 54. Nc5 Kd6 55. Ne4+ Ke5 56. Nf6 Rg2+ 57. Kh3 Rxg5 58. Nxd5 Nc2 59. Rd2
Rh5+ 60. Kg4 1/2-1/2

[Event "Isle of Man Open"]
[Site "Douglas"]
[Date "26.10.2018"]
[Round "7.17"]
[White "Gukesh, D"]
[Black "Melkumyan, Hrant"]
[Result "1/2-1/2"]
[WhiteTitle "IM"]
[BlackTitle "GM"]
[WhiteElo "2456"]
[BlackElo "2660"]
[WhiteFideId "46616543"]
[BlackFideId "13302485"]
[EventDate "2018.10.20"]

1. Nf3 d5 2. g3 Bg4 3. Bg2 Nd7 4. O-O c6 5. d3 e6 6. h3 Bh5 7. e4 Bd6 8. Nbd2
Ne7 9. d4 O-O 10. c3 h6 11. Re1 Bg6 12. Bf1 Qb8 13. Kg2 Rc8 14. Bd3 a6 15. Qe2
dxe4 16. Nxe4 c5 17. dxc5 Nxc5 18. Nxc5 Rxc5 19. Bxg6 Nxg6 20. Bd2 Qc7 21. Rad1
b5 22. Qe4 Re8 23. Be3 Rc4 24. Rd4 f5 25. Qd3 Bf8 26. Rd1 Qb7 27. Rxc4 Ne5 28.
Qe2 bxc4 29. Rd2 Nd3 30. b3 e5 31. Kg1 e4 32. Nd4 Qf7 33. bxc4 g5 34. f4 gxf4
35. Bxf4 Kh7 36. Qe3 Bc5 37. Kh2 Qg6 38. Rg2 Rg8 39. Qe2 Rg7 40. Be3 Bd6 41. Bf4
Nxf4 42. gxf4 Bxf4+ 43. Kh1 Qxg2+ 44. Qxg2 Rxg2 45. Kxg2 Kg6 46. c5 Kf6 47. Kf2
Ke5 48. h4 h5 49. Ne2 Bd2 50. c6 Kd6 51. Ng3 Kxc6 52. Nxf5 Bxc3 53. Ng3 Kc5 54.
Nxh5 Kb4 55. Ng3 Ka3 56. Nxe4 Bb4 57. h5 Kxa2 58. h6 Bf8 59. h7 Bg7 60. Ke2 a5
61. Kd3 Kb3 62. Nd2+ Kb4 63. Kc2 a4 64. Kb1 Kc3 65. Ne4+ Kd4 66. Ng5 Kc3 67. Ka2
Kb4 68. Nf7 Bf6 69. h8=Q Bxh8 1/2-1/2

[Event "Isle of Man Open"]
[Site "Douglas"]
[Date "26.10.2018"]
[Round "7.18"]
[White "Vidit, Santosh Gujrathi"]
[Black "Krishna, C R G"]
[Result "1-0"]
[WhiteTitle "GM"]
[BlackTitle "IM"]
[WhiteElo "2711"]
[BlackElo "2445"]
[WhiteFideId "5029465"]
[BlackFideId "5018625"]
[EventDate "2018.10.20"]

1. Nf3 d5 2. g3 Nf6 3. Bg2 c6 4. O-O Bf5 5. d3 e6 6. Nh4 Bg4 7. h3 Bh5 8. Qe1
Bc5 9. e4 O-O 10. Kh1 Na6 11. f4 dxe4 12. dxe4 Re8 13. g4 Bg6 14. Nxg6 hxg6 15.
e5 Nd5 16. a3 b5 17. Nc3 Nxc3 18. Qxc3 Qb6 19. Qf3 Rac8 20. f5 exf5 21. gxf5
gxf5 22. Qxf5 Qc7 23. Bf4 Re6 24. Be4 g6 25. Qg4 Kh7 26. Bg5 Qxe5 27. Rae1 Qg7
28. Bf6 Qh6 29. Bc3 Rce8 30. Rxf7+ Kg8 31. Rg7+ Qxg7 32. Bxg7 Kxg7 33. Re2 Nc7
34. Bd3 Be3 35. Rxe3 Rxe3 36. Qxg6+ Kf8 37. Qh6+ 1-0

[Event "Isle of Man Open"]
[Site "Douglas"]
[Date "26.10.2018"]
[Round "7.19"]
[White "Swapnil, S. Dhopade"]
[Black "Eljanov, Pavel"]
[Result "0-1"]
[WhiteTitle "GM"]
[BlackTitle "GM"]
[WhiteElo "2493"]
[BlackElo "2703"]
[WhiteFideId "5019184"]
[BlackFideId "14102951"]
[EventDate "2018.10.20"]

1. d4 Nf6 2. c4 e6 3. Nf3 d5 4. Nc3 c6 5. e3 Nbd7 6. Qc2 Bd6 7. b3 O-O 8. Be2 b6
9. O-O Bb7 10. Bb2 Qe7 11. Rad1 c5 12. cxd5 exd5 13. Rfe1 Rad8 14. Bf1 h6 15. g3
Qe6 16. Bg2 Rfe8 17. dxc5 bxc5 18. Nh4 Bf8 19. Qf5 g5 20. Qxe6 fxe6 21. Nf3 e5
22. Nd2 e4 23. Nb5 Re6 24. f3 a6 25. Na3 exf3 26. Bxf3 Ne5 27. Be2 Rde8 28. Nc2
Bg7 29. b4 cxb4 30. Nxb4 Neg4 31. Bxg4 Nxg4 32. Bxg7 Kxg7 33. Nf1 Ne5 34. Nd2
Rc8 35. Rc1 Rb6 36. Rxc8 Bxc8 37. Rb1 Rb5 38. a3 Bf5 39. Rb3 Rc5 40. Rb2 Rc1+
41. Kg2 Nc4 42. Na2 Rc2 43. Rxc2 Nxe3+ 44. Kf2 Nxc2 45. Nb4 a5 46. Nxc2 Bxc2 47.
Ke3 Kf6 48. Kd4 Ke6 49. Nf1 Bd1 50. Ne3 Bf3 51. Nf1 Kd6 52. Nd2 Bd1 53. Nb1 Bb3
54. Nc3 Ke6 55. Nb1 Kf5 56. Nd2 Ba2 57. h3 Ke6 58. Nf1 Bb1 59. Ne3 Be4 60. Nd1
h5 61. Nc3 Bg2 62. a4 h4 63. gxh4 gxh4 64. Ne2 Kf5 65. Nc3 Bxh3 66. Nxd5 Bg2 67.
Ne3+ Kg5 68. Nxg2 h3 69. Ne1 Kf4 70. Nd3+ Kf3 71. Ne5+ Kg3 0-1

[Event "Isle of Man Open"]
[Site "Douglas"]
[Date "26.10.2018"]
[Round "7.20"]
[White "Gelfand, Boris"]
[Black "Paehtz, Elisabeth"]
[Result "1/2-1/2"]
[WhiteTitle "GM"]
[BlackTitle "IM"]
[WhiteElo "2701"]
[BlackElo "2513"]
[WhiteFideId "2805677"]
[BlackFideId "4641833"]
[EventDate "2018.10.20"]

1. d4 e6 2. Nf3 Nf6 3. c4 Bb4+ 4. Nbd2 d5 5. Qa4+ Nc6 6. e3 O-O 7. a3 Bxd2+ 8.
Bxd2 Ne4 9. Qc2 Nxd2 10. Qxd2 b6 11. Qc2 Ba6 12. b4 Bxc4 13. Bxc4 dxc4 14. Qxc4
Ne7 15. O-O a5 16. Rfc1 axb4 17. axb4 Qd6 18. Ne5 Rfc8 19. g3 Rxa1 20. Rxa1 Qd5
21. Qc3 f6 22. Nd3 Kf7 23. Nf4 Qe4 24. h4 g6 25. Ra7 h6 26. Qd3 Qxd3 27. Nxd3 e5
28. dxe5 Nc6 29. Ra1 Nxe5 30. Nxe5+ fxe5 31. e4 Kf6 32. Kg2 c5 33. Ra6 c4 34.
Rxb6+ Ke7 35. Ra6 c3 36. Ra1 Rc4 37. Rc1 Rxe4 38. Rxc3 Rxb4 39. Rc6 Kf7 40. h5
Rg4 41. Kf3 gxh5 42. Rxh6 Rg5 43. Ke4 Ke7 44. Ra6 Kf7 1/2-1/2

[Event "Isle of Man Open"]
[Site "Douglas"]
[Date "26.10.2018"]
[Round "7.21"]
[White "Howell, David W L"]
[Black "Olafsson, Helgi"]
[Result "1-0"]
[WhiteTitle "GM"]
[BlackTitle "GM"]
[WhiteElo "2689"]
[BlackElo "2510"]
[WhiteFideId "410608"]
[BlackFideId "2300010"]
[EventDate "2018.10.20"]

1. e4 c5 2. c3 Nf6 3. e5 Nd5 4. Nf3 Nc6 5. d4 cxd4 6. cxd4 d6 7. Bc4 e6 8. O-O
Be7 9. a3 O-O 10. Re1 Qb6 11. exd6 Bxd6 12. Qd3 Nce7 13. Nc3 Bd7 14. Ng5 Nf6 15.
Nce4 Nxe4 16. Qxe4 Ng6 17. h4 Rfc8 18. b3 Nf8 19. d5 e5 20. Qf3 Be8 21. h5 Be7
22. Ne4 Nd7 23. Be3 Qd8 24. d6 Bf8 25. Rad1 Rxc4 26. bxc4 Qc8 27. c5 Qc6 28. h6
f6 29. Qg4 Bg6 30. hxg7 Bxg7 31. Ng3 Re8 32. Nf5 Bf8 33. Bh6 Nxc5 34. Bxf8 Kxf8
35. Ne7 Qd7 36. Nxg6+ hxg6 37. Qxg6 Re6 38. Qh6+ 1-0

[Event "Isle of Man Open"]
[Site "Douglas"]
[Date "26.10.2018"]
[Round "7.22"]
[White "L'Ami, Erwin"]
[Black "Keymer, Vincent"]
[Result "1/2-1/2"]
[WhiteTitle "GM"]
[BlackTitle "IM"]
[WhiteElo "2639"]
[BlackElo "2491"]
[WhiteFideId "1007998"]
[BlackFideId "12940690"]
[EventDate "2018.10.20"]

1. d4 d5 2. c4 e6 3. Nc3 Nf6 4. cxd5 Nxd5 5. g3 c5 6. Bg2 Nc6 7. Nxd5 exd5 8.
Nf3 Be6 9. O-O Be7 10. dxc5 Bxc5 11. Ng5 Bb6 12. Bf4 Qd7 13. Qd3 h6 14. Nxe6
fxe6 15. e4 d4 16. e5 O-O 17. Qg6 Qf7 18. Qg4 g5 19. Be4 Kh8 20. Bd2 Nxe5 21.
Qh3 Qg7 22. Rae1 Rae8 23. Kg2 Kg8 24. Qh5 Nd7 25. Bd3 Nf6 26. Qd1 Qd7 27. f4 g4
28. Re5 Qc6+ 29. Kg1 Bc7 30. Ree1 Kg7 31. Qb3 Bb6 32. a4 Qd5 33. Qd1 Bc7 34. Qc1
Qc6 35. Qxc6 bxc6 36. Rc1 Nd5 37. Rxc6 Re7 38. Re1 Rb8 39. b3 Rb6 40. Rxb6 axb6
41. Re4 Bd6 42. Bc4 Kf6 43. Kf1 Ne3+ 44. Bxe3 dxe3 45. Rxe3 e5 46. Rd3 Bc7 47.
fxe5+ Bxe5 48. Rd8 h5 49. Rf8+ Kg7 50. Rf5 Kg6 51. Rf2 Bc3 52. Bd3+ Kg7 53. Rc2
Rf7+ 54. Kg2 Bd4 55. Rc4 Rf2+ 56. Kh1 Be5 57. b4 Rf3 58. Be2 Ra3 59. b5 Ra2 60.
Bd3 Rd2 61. Re4 Kf6 62. Bf1 1/2-1/2

[Event "Isle of Man Open"]
[Site "Douglas"]
[Date "26.10.2018"]
[Round "7.23"]
[White "Schneider, Ilja"]
[Black "Meier, Georg"]
[Result "1/2-1/2"]
[WhiteTitle "IM"]
[BlackTitle "GM"]
[WhiteElo "2507"]
[BlackElo "2639"]
[WhiteFideId "4663306"]
[BlackFideId "4675789"]
[EventDate "2018.10.20"]

1. e4 e6 2. d4 d5 3. exd5 exd5 4. Nf3 Nf6 5. Bd3 Bd6 6. Qe2+ Be6 7. Ng5 Qe7 8.
Nd2 Bg4 9. Qxe7+ Kxe7 10. O-O Nc6 11. Re1+ Kf8 12. h3 Bh5 13. c3 Bg6 14. Bxg6
hxg6 15. Ndf3 Nh7 16. Nxh7+ Rxh7 17. Ng5 Rh8 18. Bd2 Nd8 19. Re2 f6 20. Rae1 Nc6
21. Ne6+ Kf7 22. Bf4 Bxf4 23. Nxf4 Rad8 24. Ne6 Rd7 25. Nc5 Re7 26. Rxe7+ Nxe7
27. Re2 b6 28. Ne6 c6 29. Nxg7 g5 30. b4 Ra8 31. g4 a5 32. Nf5 Nxf5 33. gxf5
axb4 34. cxb4 Ra4 35. Rc2 Rxb4 1/2-1/2

[Event "Isle of Man Open"]
[Site "Douglas"]
[Date "26.10.2018"]
[Round "7.24"]
[White "Sutovsky, Emil"]
[Black "Batsiashvili, Nino"]
[Result "1-0"]
[WhiteTitle "GM"]
[BlackTitle "GM"]
[WhiteElo "2633"]
[BlackElo "2482"]
[WhiteFideId "2802007"]
[BlackFideId "13602993"]
[EventDate "2018.10.20"]

1. e4 c6 2. d4 d5 3. e5 Bf5 4. h4 h5 5. Bd3 Bxd3 6. Qxd3 Qa5+ 7. Nd2 e6 8. Nf3
Ne7 9. O-O Nf5 10. Nb3 Qa6 11. Qd1 Be7 12. Bg5 Nd7 13. Bxe7 Nxe7 14. Nc1 c5 15.
c3 Rc8 16. Ne2 cxd4 17. cxd4 Qc4 18. Rc1 Qxa2 19. Rxc8+ Nxc8 20. Qd3 Ne7 21. Rc1
Qa5 22. Ng5 g6 23. Qb3 b5 24. Qc2 Nb8 25. Qd3 Nbc6 26. Qf3 O-O 27. Qf6 Qd2 28.
Rxc6 Nxc6 29. Nf4 Qe1+ 30. Kh2 Qxf2 31. Ngxe6 fxe6 32. Qxg6+ Kh8 33. Qxh5+ Kg8
34. Qg5+ Kh8 35. Nh5 Qf7 36. Qh6+ 1-0

[Event "Isle of Man Open"]
[Site "Douglas"]
[Date "26.10.2018"]
[Round "7.25"]
[White "Ganguly, Surya Shekhar"]
[Black "Harsha, Bharathakoti"]
[Result "1-0"]
[WhiteTitle "GM"]
[BlackTitle "IM"]
[WhiteElo "2622"]
[BlackElo "2492"]
[WhiteFideId "5002150"]
[BlackFideId "5078776"]
[EventDate "2018.10.20"]

1. Nf3 d5 2. g3 g6 3. Bg2 Bg7 4. d4 Nf6 5. O-O O-O 6. c4 c6 7. Nbd2 Bf5 8. b3
Nbd7 9. Nh4 Be6 10. e3 c5 11. Nhf3 h6 12. Bb2 Ne4 13. Qe2 Nxd2 14. Nxd2 dxc4 15.
Nxc4 cxd4 16. Bxd4 Bxd4 17. exd4 Bxc4 18. bxc4 Rb8 19. c5 e5 20. c6 bxc6 21.
dxe5 Qe7 22. Rfe1 Rfe8 23. Bxc6 Rb6 24. Bxd7 Qxd7 25. Rad1 Qe6 26. Rd4 Reb8 27.
Qd2 Rb1 28. Rd8+ Kg7 29. Rxb8 Rxb8 30. Qd4 Rb7 31. h4 h5 32. a3 a6 33. Kh2 Rb5
34. Re3 Rd5 35. Qc3 Kg8 36. Re4 Kg7 37. Kg2 Kg8 38. Qe3 Kg7 39. Kh2 Rb5 40. Qf4
Rc5 41. Qe3 Rb5 42. a4 Rd5 43. Qc3 Kh7 44. Qc7 Kg8 45. Kg1 Qh3 46. Re1 Qe6 47.
Qc3 Kg7 48. Kg2 Kg8 49. Re4 Kg7 50. Kh2 Kh7 51. Qc7 Kg8 52. Rb4 Qxe5 53. Qc8+
Kg7 54. Qxa6 Qe1 55. Rf4 Rd1 56. Qf6+ 1-0